Представление документа в формате MARC21

Поле Инд. ПП Название Значение
Тип записи a
Библиографический уровень a
001 Контрольный номер RU/IS/BASE/262109764
005 Дата корректировки 20240215093906.7
084 a Индекс другой классификации/Индекс ББК 81.008
090 00 a Полочн. индекс 81я43
x Авторский знак П 781
100 10 a Автор Байчура У. Ш.
245 00 a Заглавие О некоторых факторах языкового развития
650 04 a Основная рубрика общее языкознание
a Основная рубрика филологические науки
a Основная рубрика языкознание
653 00 a Ключевые слова законы развития языка
a Ключевые слова развитие языка
a Ключевые слова факторы языкового развития
a Ключевые слова языковые изменения
773 00 d Дата издания источника Москва, 1967
g Прочая информация С. 102-106
t Заглавие источника Проблемы языкознания
w Контрольный № источника RU/IS/BASE/102085341
901 t Тип документа a